000
00279nam a2200109Ia 4500
008
230907s9999||||xx |||||||||||||| ||und||
082
_a
6.3
_b
LID
100
_a
Li, Deyi,
_9
115963
245
0
_a
Artificial intelligence with uncertainty /
300
_a
xx, 290 pages :
942
_c
BK
999
_c
600496
_d
600496